|
|
|
|
| LEADER |
03231nam a22004093i 4500 |
| 001 |
EBC6827683 |
| 003 |
MiAaPQ |
| 005 |
20231204023220.0 |
| 006 |
m o d | |
| 007 |
cr cnu|||||||| |
| 008 |
231204s2021 xx o ||||0 eng d |
| 020 |
|
|
|a 9783030785895
|q (electronic bk.)
|
| 020 |
|
|
|z 9783030785888
|
| 035 |
|
|
|a (MiAaPQ)EBC6827683
|
| 035 |
|
|
|a (Au-PeEL)EBL6827683
|
| 035 |
|
|
|a (OCoLC)1291316981
|
| 040 |
|
|
|a MiAaPQ
|b eng
|e rda
|e pn
|c MiAaPQ
|d MiAaPQ
|
| 050 |
|
4 |
|a PN760.5-769
|
| 082 |
0 |
|
|a 810.93561
|
| 100 |
1 |
|
|a Sweet, Ryan.
|
| 245 |
1 |
0 |
|a Prosthetic Body Parts in Nineteenth-Century Literature and Culture.
|
| 250 |
|
|
|a 1st ed.
|
| 264 |
|
1 |
|a Cham :
|b Springer International Publishing AG,
|c 2021.
|
| 264 |
|
4 |
|c ©2022.
|
| 300 |
|
|
|a 1 online resource (292 pages)
|
| 336 |
|
|
|a text
|b txt
|2 rdacontent
|
| 337 |
|
|
|a computer
|b c
|2 rdamedia
|
| 338 |
|
|
|a online resource
|b cr
|2 rdacarrier
|
| 490 |
1 |
|
|a Palgrave Studies in Nineteenth-Century Writing and Culture Series
|
| 505 |
0 |
|
|a Intro -- Acknowledgements -- Professional and Personal -- Reuse of Copyrighted Material -- Contents -- List of Figures -- Chapter 1: Introduction -- Structure -- Scope -- Critical Contexts -- Language -- References -- Chapter 2: Constructing and Complicating Physical Wholeness -- Cultivating Completeness -- Theories of Body and Mind -- Legal and Social Factors -- Literatures of Loss -- Persuasive Prosthetists -- References -- Chapter 3: "The Infurnal Thing": Autonomy and Ability in Narratives of Disabling, Self-acting, and Weaponized Prostheses -- Human-Machine Minds and Bodies -- Productive Prostheses -- Disabling Devices -- Prostheses as Weapons -- Self-acting Prostheses -- References -- Chapter 4: Mobilities: Physical and Social -- Mendicity Versus Mendacity -- The Peg Versus the Artificial Leg -- Prosthesis Users in Dickens's Journals -- Our Mutual Friend -- Wegg's Legacy -- References -- Chapter 5: "Losing a Leg to Gain a Wife": Marriage, Gender, and the Prosthetic Body Part -- Gendered Difference -- Prostheses in the Marriage Plot -- "False" Females -- Marriageable Men? -- "Love Which Conquers All Reversals and Disabilities" -- Enticing Devices -- Prosthetic Matches -- Countering Concealment -- References -- Chapter 6: Signs of Decline? Prostheses and the Ageing Subject -- Attitudes to Ageing -- Vanity and Calamity -- False Part, Flawed Whole -- Losing One's Wig -- Dazzling Devices and Unlikely Heroes -- References -- Chapter 7: Conclusion -- References -- Index.
|
| 588 |
|
|
|a Description based on publisher supplied metadata and other sources.
|
| 590 |
|
|
|a Electronic reproduction. Ann Arbor, Michigan : ProQuest Ebook Central, 2023. Available via World Wide Web. Access may be limited to ProQuest Ebook Central affiliated libraries.
|
| 655 |
|
4 |
|a Electronic books.
|
| 776 |
0 |
8 |
|i Print version:
|a Sweet, Ryan
|t Prosthetic Body Parts in Nineteenth-Century Literature and Culture
|d Cham : Springer International Publishing AG,c2021
|z 9783030785888
|
| 797 |
2 |
|
|a ProQuest (Firm)
|
| 830 |
|
0 |
|a Palgrave Studies in Nineteenth-Century Writing and Culture Series
|
| 856 |
4 |
0 |
|u https://ebookcentral.proquest.com/lib/matrademy/detail.action?docID=6827683
|z Click to View
|